César du meilleur acteur de 2010 à 2025 - Statistiques

Statistiques générales
  • Ce quiz a été pris 55 fois
  • Le résultat moyen est 6 sur 16
Statistiques - réponses
Année Réponse % Correct
2015 Pierre Niney
86%
2025 Karim Leklou
68%
2010 Tahar Rahim
64%
2023 Benoît Magimel
56%
2022 Benoît Magimel
56%
2012 Omar Sy
50%
2017 Gaspard Ulliel
34%
2020 Roschdy Zem
30%
2016 Vincent Lindon
30%
2018 Swann Arlaud
26%
2014 Guillaume Gallienne
24%
2019 Alex Lutz
20%
2024 Arieh Worthalter
20%
2013 Jean-Louis Trintignant
18%
2021 Sami Bouajila
18%
2011 Éric Elmosnino
12%
Aucun quiz correspondant
Distribution des résultats
% des personnes avec chaque résultat
Percentile par nombre de réponses
Votre historique - résultats
Vous n’avez pas pris ce quiz